[Event "Toronto NAYCC U12 Girls"]
[Site "Toronto"]
[Date "2013.08.18"]
[Round "8"]
[White "Escamilla Romero, Quetzija"]
[Black "Edouard, Marie Erline"]
[Result "1-0"]
[WhiteElo "1151"]
[BlackElo "988"]
[PlyCount "73"]
[EventDate "2013.08.14"]
[EventType "swiss"]
[EventRounds "9"]
[EventCountry "CAN"]
[SourceTitle "EXT 2022"]
[Source "ChessBase"]
[SourceDate "2021.10.06"]
[SourceVersion "1"]
[SourceVersionDate "2021.10.06"]
[SourceQuality "1"]

1. e4 e5 2. Nf3 Nc6 3. d4 Bb4+ 4. c3 Bd6 5. d5 Na5 6. b4 c6 7. bxa5 Qxa5 8. dxc6 bxc6 9. Qxd6 f6 10. Qb4 Qc7 11. Ba3 d6 12. Qxd6 Qxd6 13. Bxd6 Bg4 14. Nbd2 Rd8 15. Bb4 Bxf3 16. Nxf3 Rd7 17. Rd1 Rxd1+ 18. Kxd1 Nh6 19. h3 f5 20. exf5 Nxf5 21. Nxe5 Rf8 22. Bxf8 Kxf8 23. Nxc6 Ne7 24. Nxe7 Kxe7 25. Bc4 g6 26. Re1+ Kf6 27. Bb3 Kg5 28. c4 Kf4 29. c5 Kf5 30. c6 Kf6 31. c7 Kg5 32. c8Q Kh6 33. Qf8+ Kh5 34. Re5+ g5 35. Qf5 h6 36. Qf7+ Kh4 37. g3+ 1-0